Cinco memorias sobre la instrucción pública y otros escritos
Saved in:
| Hovedforfatter: | |
|---|---|
| Format: | Bog |
| Sprog: | spansk |
| Udgivet: |
Madrid
Morata
2001
|
| Udgivelse: | 1a. ed |
| Serier: | Raíces de la Memoria
|
| Fag: | |
| Tags: |
Tilføj Tag
Ingen Tags, Vær først til at tagge denne postø!
|
MARC
| LEADER | 00000cam a2200000 a 4500 | ||
|---|---|---|---|
| 001 | UCD1274 | ||
| 003 | CL-VaPUC | ||
| 008 | 160121e20010000sp |||||||||||||||||spa|d | ||
| 020 | |a 8471124432 | ||
| 082 | 0 | 4 | |a 371.2 |b CON |2 21 |
| 100 | 0 | |a Condorcet, Antoine Marquis de |e author |9 584370 | |
| 245 | 1 | 0 | |a Cinco memorias sobre la instrucción pública y otros escritos |
| 250 | |a 1a. ed | ||
| 300 | |a 338 p | ||
| 942 | |c BK | ||
| 945 | |d 20160121 16:41:00 |a arojas | ||
| 260 | |a Madrid |b Morata |c 2001 | ||
| 650 | 0 | |a Administración de la enseñanza |9 261034 | |
| 650 | 0 | |a Gestión educacional |9 261035 | |
| 650 | 0 | |a Educación pública |9 309676 | |
| 583 | |a last modification |c 20170504 12:35:53 |k Rodrigo Vera | ||
| 490 | 0 | |a Raíces de la Memoria | |
| 999 | |c 362642 |d 362640 | ||
| 952 | |0 0 |1 0 |3 erb |4 0 |6 371_200000000000000_CON_2001 |7 0 |8 A |9 474027 |a BIBEDU |b BIBEDU |i 5263190 |o 371.2 CON 2001 |p 5263190 |r 2019-11-24 |w 2019-11-24 |y BK |z Catalogado en:20160121 |k EPE | ||
| 952 | |0 0 |1 0 |3 erb |4 0 |6 371_200000000000000_CON_2001 |7 0 |8 A |9 474028 |a BIBEDU |b BIBEDU |i 5263239 |o 371.2 CON 2001 |p 5263239 |r 2019-11-24 |w 2019-11-24 |y BK |z Catalogado en:20160121 |k EPE | ||
| 952 | |0 0 |1 0 |3 erb |4 0 |6 371_200000000000000_CON_2001 |7 0 |8 A |9 474029 |a BIBEDU |b BIBEDU |i 5263247 |o 371.2 CON 2001 |p 5263247 |r 2019-11-24 |w 2019-11-24 |y BK |z Catalogado en:20160121 |k EPE | ||
| 952 | |0 0 |1 0 |3 erb |4 0 |6 371_200000000000000_CON_2001 |7 0 |8 A |9 474030 |a BIBEDU |b BIBEDU |i 5263255 |o 371.2 CON 2001 |p 5263255 |r 2019-11-24 |w 2019-11-24 |y BK |z Catalogado en:20160121 |k EPE | ||